000
00318nam a22001337a 4500
008
170414b xxu||||| |||| 00| 0 eng d
020
_a
9780534546144
041
_a
eng
080
_2
8TH
_a
612.39
100
_a
10
101
_a
SHM
245
_a
STUDY GUIDE FOR UNDERSTANDING NUTRITION
_c
TURNER, L.W
942
_2
udc
_c
BK
999
_c
10859
_d
10859